000 00765cam a2200217 i 4500
005 20251208100443.0
008 250721s2015 jo gr 000 0 ara d
082 1 4 _a215
_bع ب د
100 1 _aولد عبد الله، عبدالله بن مسلم
_eمؤلف.
245 1 0 _aجذور الطائفية والشعوبية /
_cتأليف عبد الله بن مسلم ولد عبد الله.
250 _aالطبعة الأولى.
264 3 1 _aعمان :
_bدار الياقوت،
_c2015.
300 _a177 صفحة.
650 1 7 _aالصفويون 1736-1502.
650 1 7 _aالشيعة.
650 1 7 _aالفرق الإسلامية.
650 1 7 _aالإسلام.
650 1 7 _aإيران.
942 _2ddc
_cBK
999 _c131900
_d131900